El atlas anatómico de Crisóstomo Martínez (Record no. 99442)

MARC details
000 -LEADER
campo de control de longitud fija 00956nam a2200241 i 4500
001 - NÚMERO DE CONTROL
campo de control 99442
003 - IDENTIFICADOR DE NÚMERO DE CONTROL
campo de control ES-MaACL
005 - FECHA Y HORA DE LA ÚLTIMA TRANSACCIÓN
campo de control 20230906182510.0
007 - CAMPO FIJO DE DESCRIPCIÓN FÍSICA--INFORMACIÓN GENERAL
campo de control de longitud fija t|
008 - DATOS DE LONGITUD FIJA--INFORMACIÓN GENERAL
campo de control de longitud fija 050908s1982 sp ||||1| spa d
100 1# - ENTRADA PRINCIPAL--NOMBRE DE PERSONA
Nombre de persona Martínez, Crisóstomo.
9 (RLIN) 77729
245 13 - MENCIÓN DEL TÍTULO
Título El atlas anatómico de Crisóstomo Martínez
Resto del título : grabador y microcopista del siglo XVII /
Mención de responsabilidad, etc. Crisóstomo Martínez; estudio y transcripción de José María López Piñeiro.
250 ## - MENCION DE EDICION
Mención de edición 2ª ed.
Resto de la mención de edición rev. y ampl.
260 ## - PUBLICACIÓN, DISTRIBUCIÓN, ETC.
Lugar de publicación, distribución, etc. Valencia :
Nombre del editor, distribuidor, etc. Ayuntamiento,
Fecha de publicación, distribución, etc. 1982.
300 ## - DESCRIPCIÓN FÍSICA
Extensión 98 p., lám. I-XIX (1) ;
Dimensiones 32 cm.
490 1# - MENCIÓN DE SERIE
Mención de serie Publicaciones del Archivo Municipal de Valencia. Serie Segunda
500 ## - NOTA GENERAL
Nota general (1).- Las tres últimas pleg.
700 1# - ENTRADA AGREGADA--NOMBRE PERSONAL
Nombre de persona López Piñeiro, José María.
9 (RLIN) 73894
710 1# - ENTRADA AGREGADA--NOMBRE DE ENTIDAD CORPORATIVA
Nombre de entidad corporativa o nombre de jurisdicción como elemento de entrada Valencia.
Unidad subordinada Ayuntamiento.
9 (RLIN) 7531
830 0# - PUNTO DE ACCESO ADICIONAL DE SERIE-TÍTULO UNIFORME
Título uniforme Publicaciones del Archivo Municipal de Valencia. Serie Segunda
9 (RLIN) 232394
852 ## - LOCALIZACIÓN
Ubicación ES-MaACL
Número de control de estantería L-2060
Sublocalización o colección R.103196
Holdings
Estatus retirado Estado de pérdida Estado de daño No para préstamo Biblioteca de origen Biblioteca actual Ubicación en estantería Fecha de adquisición Fuente de adquisición Total de préstamos Signatura topográfica completa Código de barras Visto por última vez Precio de reemplazo Tipo de ítem Koha
        Biblioteca del Ateneo de Madrid Biblioteca del Ateneo de Madrid Depósito 2 17/01/2008     L-2060 1103835 23/02/2023 23/02/2023 Libro impreso